| 000 | 00480nam a2200193 a 4500 | ||
|---|---|---|---|
| 001 | 1766046744808 | ||
| 003 | YourLibrary | ||
| 005 | 20251222113207.0 | ||
| 008 | 251218s2001##################000#0#eng## | ||
| 020 | _a9780195140996 | ||
| 082 | 0 | 4 |
_a234.09015 _bTRU |
| 100 | 1 |
_aTrumbower, Jeffrey A., _eauthor. |
|
| 245 | 1 | 0 | _aRescue for the Dead : |
| 260 | _c2001. | ||
| 300 | _a223 pages | ||
| 650 | 0 | _aReligion. | |
| 942 | _cENGLISH | ||
| 040 |
_aYourLibrary _beng _cYourLibrary |
||
| 999 |
_c604016 _d604016 |
||